Nintendo de A-Z - Statistiques

Statistiques générales
  • Ce quiz a été pris 512 fois
  • Le résultat moyen est 17 sur 26
Statistiques - réponses
Hint Réponse % Correct
B : Tortue maléfique qui capture la princessePeach dès qu'il le peut Bowser
98%
M : Plombier rouge Mario
96%
D : Singe habillé d'une cravate rouge Donkey Kong
95%
K : Boule rose affamée Kirby
94%
L : Humain au oreilles pointues Link
89%
Z : Princesse au don de Sagesse Zelda
89%
H : Princesse vivant avec les étoiles Harmonie
86%
F : Renard de l'espace Fox
83%
G : Gerudo mâle anéantissant Hyrule Ganondorf
79%
Y : Monture habituelle de M Yoshi
73%
E : Fidèle destrier de L Épona
71%
N : Enfant au T-shirt rayé Ness
70%
W : Un loup maléfique Wolf
66%
O : Petit homme astronaute Olimar
65%
R : Robot gris fait pour les tâches quotidiennes ROB
64%
S : Exploratrice intergalactique Samus
63%
T : Tanuki très radin Tom Nook
61%
I : Poulpe accro à l'encre Inkling
55%
C : Pokémon iconique de la championne de laligue de Sinnoh Carchacrok
53%
Q : Pokémon peintre Queulorior
53%
V : Petit humain voulant devenir maire Villageois
46%
U : Prodige de la foudre luttant contre les Yigas Urbosa
44%
P : Serviteur de la déesse de la lumière Pit
43%
X : Frère adoptif de Corrin Xander
9%
A : Dragon Divin voulant stopper Sombron Alear
6%
J : Pilote de course et soeur de Captain Falcon Jody Summer
4%
Aucun quiz correspondant
Distribution des résultats
% des personnes avec chaque résultat
Percentile par nombre de réponses
Votre historique - résultats
Vous n’avez pas pris ce quiz